Spieler der Fußball-EM 2021 - Statistiken

Allgemein
  • Dieses Quiz wurde 50 mal gespielt
  • Das Durchschnittsergebnis liegt bei 9 aus 16
Antwortstatistiken
Bildquiz Hint Antwort % Korrekt
Frankreich Antoine Griezmann
98%
Deutschland Leon Goretzka
98%
England Jude Bellingham
96%
Niederlande Frenkie de Jong
94%
Italien Giorgio Chiellini
86%
Portugal Diogo Jota
73%
Belgien Youri Tielemans
73%
Dänemark Simon Kjær
71%
Wales Aaron Ramsey
61%
Schweiz Kevin Mbabu
61%
Kroatien Ante Budimir
45%
Nordmazedonien Stole Dimitrievski
6%
Schottland David Marshall
2%
Slowakei Marek Rodák
2%
Finnland Anssi Jaakkola
0%
Schweden Marcus Danielson
0%
Keine übereinstimmenden Quizze gefunden
Verteilung der Resultate
Anzahl Personen mit jedem Resultat
Perzentil nach korrekt beantworteten Fragen
Ihre Resultats-Entwicklung
Sie haben dieses Quiz noch nicht gespielt